ADAPTATION OF INFORMATION AND QUALITY ASSURANCE MANAGEMENT PARADIGMS IN A PUBLIC SECTOR STRATEGIC ORGANIZATION : (Record no. 527412)

000 -LEADER
fixed length control field 00690nam a22001937a 4500
003 - CONTROL NUMBER IDENTIFIER
control field NUST
005 - DATE AND TIME OF LATEST TRANSACTION
control field 20190726112751.0
008 - FIXED-LENGTH DATA ELEMENTS--GENERAL INFORMATION
fixed length control field 190726b ||||| |||| 00| 0 eng d
038 ## - RECORD CONTENT LICENSOR
Staff Name Mr. Noman
082 ## - DEWEY DECIMAL CLASSIFICATION NUMBER
Classification number 620.005
100 ## - MAIN ENTRY--PERSONAL NAME
Personal name Naeem, Shahzad
9 (RLIN) 18655
245 ## - TITLE STATEMENT
Title ADAPTATION OF INFORMATION AND QUALITY ASSURANCE MANAGEMENT PARADIGMS IN A PUBLIC SECTOR STRATEGIC ORGANIZATION :
Remainder of title RISK CONSIDERATION FOR MANAGEMENT INFORMATION SYSTEMS /
Statement of responsibility, etc. SHAHZAD NAEEM.
260 ## - PUBLICATION, DISTRIBUTION, ETC.
Place of publication, distribution, etc. Islamabad:
Name of publisher, distributor, etc. CEME - NUST,
Date of publication, distribution, etc. 2016.
300 ## - PHYSICAL DESCRIPTION
Extent 304 p.: ill.;
Dimensions 35cm.
500 ## - GENERAL NOTE
General note Hardcover.
650 ## - SUBJECT ADDED ENTRY--TOPICAL TERM
Topical term or geographic name entry element Engineering Management Ph. D Thesis.
9 (RLIN) 18609
700 ## - ADDED ENTRY--PERSONAL NAME
Personal name Dr. Syed Waheed Ul Haq.
9 (RLIN) 18639
942 ## - ADDED ENTRY ELEMENTS (KOHA)
Source of classification or shelving scheme
Koha item type Thesis
Holdings
Withdrawn status Lost status Source of classification or shelving scheme Damaged status Not for loan Permanent Location Current Location Shelving location Date acquired Total Checkouts Full call number Barcode Date last seen Price effective from Koha item type
          Central Library (CL) Central Library (CL) Thesis 07/26/2019   620.005 CL-T-815 08/02/2019 07/26/2019 Thesis
© 2023 Central Library, National University of Sciences and Technology. All Rights Reserved.